[Event "DEM U10w 2025"]
[Site "Willingen GER"]
[Date "2025.06.09"]
[Round "3"]
[White "Staudt, Merle"]
[Black "Bräutigam, Viktoria"]
[Result "1-0"]
[Termination "normal"]
[Board "11"]
[WhiteElo "1569"]
[BlackElo "1569"]
[WhiteClock "01:31:19"]
[PlyCount "79"]
[WhiteFideId "34631151"]
[BlackFideId "34638652"]
[EventCountry "GER"]
[EventRounds "9"]
[EventType "swiss"]
[EventDate "2025.06.07"]

1. e4 {[%emt 18:26:28]} c5 {[%emt 00:00:06]} 2. Nf3 {[%clk 01:31:19]} {[%emt
00:00:06]} e6 {[%emt 00:00:18]} 3. d4 {[%emt 00:00:53]} cxd4 {[%emt 00:00:11]}
4. Nxd4 {[%emt 00:00:06]} Nf6 {[%emt 00:00:26]} 5. Nc3 {[%emt 00:00:12]} Nc6
{[%emt 00:00:20]} 6. Bg5 {[%emt 00:03:09]} Bc5 {[%emt 00:03:54]} 7. Nxc6 {[%emt
00:01:19]} bxc6 {[%emt 00:00:10]} 8. e5 {[%emt 00:01:14]} Bxf2+ {[%emt
00:03:19]} 9. Kxf2 {[%emt 00:00:50]} Qb6+ {[%emt 00:00:48]} 10. Be3 {[%emt
00:00:10]} Qxb2 {[%emt 00:01:47]} 11. exf6 {[%emt 00:00:14]} Qxc3 {[%emt
00:00:23]} 12. Bd4 {[%emt 00:00:31]} Qa5 {[%emt 00:02:01]} 13. fxg7 {[%emt
00:00:23]} Rg8 {[%emt 00:00:37]} 14. Bd3 {[%emt 00:00:32]} e5 {[%emt 00:21:41]}
15. Qe2 {[%emt 00:01:33]} d6 {[%emt 00:01:46]} 16. Qe4 {[%emt 00:02:56]} Qd2+
{[%emt 00:08:24]} 17. Kg1 {[%emt 00:01:17]} Bd7 {[%emt 00:05:00]} 18. Qxh7
{[%emt 00:01:03]} Ke7 {[%emt 00:00:41]} 19. Qh4+ {[%emt 00:01:37]} f6 {[%emt
00:02:58]} 20. Rf1 {[%emt 00:00:47]} Qg5 {[%emt 00:12:16]} 21. Qxg5 {[%emt
00:01:52]} fxg5 {[%emt 00:00:12]} 22. Be3 {[%emt 00:00:52]} Rxg7 {[%emt
00:00:22]} 23. Bf5 {[%emt 00:01:12]} c5 {[%emt 00:03:42]} 24. Bxd7 {[%emt
00:00:58]} Kxd7 {[%emt 00:00:11]} 25. Rf5 {[%emt 00:00:13]} Rb8 {[%emt
00:00:43]} 26. Rf2 {[%emt 00:01:20]} Rb2 {[%emt 00:01:02]} 27. c3 {[%emt
00:00:17]} Rb1+ {[%emt 00:01:14]} 28. Rf1 {[%emt 00:00:21]} Rb2 {[%emt
00:00:19]} 29. Ra1 {[%emt 00:00:10]} Rc2 {[%emt 00:00:50]} 30. h3 {[%emt
00:00:47]} Rxc3 {[%emt 00:00:30]} 31. Bd2 {[%emt 00:00:15]} Rc2 {[%emt
00:01:04]} 32. Ba5 {[%emt 00:00:08]} c4 {[%emt 00:01:05]} 33. Kh2 {[%emt
00:00:29]} d5 {[%emt 00:00:43]} 34. Rhf1 {[%emt 00:00:19]} Kc6 {[%emt
00:00:42]} 35. Bb4 {[%emt 00:00:27]} d4 {[%emt 00:00:58]} 36. a4 {[%emt
00:00:24]} d3 {[%emt 00:01:44]} 37. Rf6+ {[%emt 00:00:15]} Kd5 {[%emt
00:00:49]} 38. Rd6+ {[%emt 00:00:16]} Ke4 {[%emt 00:00:16]} 39. Re1+ {[%emt
00:00:08]} Kf4 {[%emt 00:01:26]} 40. Rf6# {[%emt 00:00:14]} 1-0

[Event "DEM U10w 2025"]
[Site "Willingen GER"]
[Date "2025.06.09"]
[Round "3"]
[White "Mudriievskaya, Esther"]
[Black "Hirtzel, Hanna Meiki"]
[Result "1-0"]
[Termination "normal"]
[Board "12"]
[WhiteElo "1505"]
[BlackElo "984"]
[WhiteClock "01:11:11"]
[BlackClock "01:06:13"]
[PlyCount "41"]
[WhiteFideId "34676465"]
[BlackFideId "533040648"]
[EventCountry "GER"]
[EventRounds "9"]
[EventType "swiss"]
[EventDate "2025.06.07"]

1. e4 {[%clk 01:30:52]} {[%emt 00:00:07]} c6 {[%clk 01:30:56]} {[%emt
00:00:05]} 2. d4 {[%clk 01:30:48]} {[%emt 00:00:34]} d5 {[%clk 01:31:18]}
{[%emt 00:00:08]} 3. exd5 {[%clk 01:31:07]} {[%emt 00:00:11]} cxd5 {[%clk
01:31:41]} {[%emt 00:00:08]} 4. Bd3 {[%clk 01:31:17]} {[%emt 00:00:20]} Nf6
{[%clk 01:31:39]} {[%emt 00:00:32]} 5. Bf4 {[%clk 01:31:10]} {[%emt 00:00:37]}
Nc6 {[%clk 01:31:24]} {[%emt 00:00:45]} 6. c3 {[%clk 01:31:06]} {[%emt
00:00:34]} e6 {[%clk 01:30:44]} {[%emt 00:01:09]} 7. Nf3 {[%clk 01:31:09]}
{[%emt 00:00:25]} Bd6 {[%clk 01:30:30]} {[%emt 00:00:45]} 8. Ne5 {[%clk
01:31:00]} {[%emt 00:00:41]} O-O {[%clk 01:30:13]} {[%emt 00:00:47]} 9. O-O
{[%clk 01:30:35]} {[%emt 00:00:54]} Qc7 {[%clk 01:29:26]} {[%emt 00:01:10]} 10.
Re1 {[%clk 01:29:52]} {[%emt 00:01:20]} b6 {[%clk 01:28:07]} {[%emt 00:01:49]}
11. Nd2 {[%clk 01:28:39]} {[%emt 00:01:43]} Bb7 {[%clk 01:27:19]} {[%emt
00:01:17]} 12. Ndf3 {[%clk 01:27:36]} {[%emt 00:01:30]} Rac8 {[%clk 01:25:55]}
{[%emt 00:01:57]} 13. Bg5 {[%clk 01:25:40]} {[%emt 00:02:26]} Nd7 {[%clk
01:25:08]} {[%emt 00:01:18]} 14. Nxd7 {[%clk 01:21:44]} {[%emt 00:04:26]} Qxd7
{[%clk 01:25:15]} {[%emt 00:00:23]} 15. Nh4 {[%clk 01:19:31]} {[%emt 00:02:42]}
h6 {[%clk 01:20:43]} {[%emt 00:05:02]} 16. Qh5 {[%clk 01:17:36]} {[%emt
00:02:26]} Rfe8 {[%clk 01:16:10]} {[%emt 00:04:57]} 17. Bxh6 {[%clk 01:15:28]}
{[%emt 00:02:44]} gxh6 {[%clk 01:11:40]} {[%emt 00:04:59]} 18. Qxh6 {[%clk
01:15:46]} {[%emt 00:00:13]} Qc7 {[%clk 01:09:42]} {[%emt 00:02:23]} 19. Bh7+
{[%clk 01:14:55]} {[%emt 00:01:25]} Kh8 {[%clk 01:09:26]} {[%emt 00:00:36]} 20.
g3 {[%clk 01:11:28]} {[%emt 00:04:05]} f5 {[%clk 01:06:13]} {[%emt 00:03:28]}
21. Ng6# {[%clk 01:11:11]} {[%emt 00:00:32]} 1-0

[Event "DEM U10w 2025"]
[Site "Willingen GER"]
[Date "2025.06.09"]
[Round "3"]
[White "Missova, Dimana"]
[Black "Gubler, Miriam"]
[Result "0-1"]
[Termination "normal"]
[Board "13"]
[WhiteElo "945"]
[BlackElo "1188"]
[WhiteClock "01:14:00"]
[BlackClock "01:16:37"]
[PlyCount "42"]
[WhiteFideId "533043582"]
[BlackFideId "533043809"]
[EventCountry "GER"]
[EventRounds "9"]
[EventType "swiss"]
[EventDate "2025.06.07"]

1. e4 {[%clk 01:30:59]} e5 {[%clk 01:30:52]} {[%emt 00:00:08]} 2. Nf3 {[%clk
01:31:25]} {[%emt 00:00:04]} Nc6 {[%clk 01:31:17]} {[%emt 00:00:06]} 3. Bc4
{[%clk 01:31:45]} {[%emt 00:00:09]} Bc5 {[%clk 01:31:42]} {[%emt 00:00:05]} 4.
Nc3 {[%clk 01:32:06]} {[%emt 00:00:09]} Nf6 {[%clk 01:32:05]} {[%emt 00:00:06]}
5. O-O {[%clk 01:32:27]} {[%emt 00:00:09]} d6 {[%clk 01:32:22]} {[%emt
00:00:13]} 6. d3 {[%clk 01:32:48]} {[%emt 00:00:09]} a6 {[%clk 01:32:29]}
{[%emt 00:00:23]} 7. a3 {[%clk 01:33:05]} {[%emt 00:00:13]} h6 {[%clk
01:32:41]} {[%emt 00:00:17]} 8. h3 {[%clk 01:33:27]} {[%emt 00:00:09]} g5
{[%clk 01:32:52]} {[%emt 00:00:19]} 9. Na4 {[%clk 01:33:37]} {[%emt 00:00:20]}
Ba7 {[%clk 01:32:40]} {[%emt 00:00:42]} 10. Nc3 {[%clk 01:33:42]} {[%emt
00:00:26]} g4 {[%clk 01:33:01]} {[%emt 00:00:09]} 11. hxg4 {[%clk 01:33:41]}
{[%emt 00:00:31]} Bxg4 {[%clk 01:33:22]} {[%emt 00:00:09]} 12. Be3 {[%clk
01:33:24]} {[%emt 00:00:47]} Rg8 {[%clk 01:30:46]} {[%emt 00:03:05]} 13. Kh2
{[%clk 01:29:49]} {[%emt 00:04:05]} Bd4 {[%clk 01:23:02]} {[%emt 00:08:15]} 14.
Bxh6 {[%clk 01:23:52]} {[%emt 00:06:27]} Rh8 {[%clk 01:22:08]} {[%emt
00:01:25]} 15. Qd2 {[%clk 01:22:06]} {[%emt 00:02:16]} Bxf3 {[%clk 01:22:11]}
{[%emt 00:00:26]} 16. gxf3 {[%clk 01:22:15]} {[%emt 00:00:22]} Ng8 {[%clk
01:20:53]} {[%emt 00:01:48]} 17. Kg1 {[%clk 01:20:05]} {[%emt 00:02:40]} Rxh6
{[%clk 01:20:34]} {[%emt 00:00:48]} 18. Rfd1 {[%clk 01:19:25]} {[%emt
00:01:09]} Qh4 {[%clk 01:19:50]} {[%emt 00:01:14]} 19. Kf1 {[%clk 01:18:46]}
{[%emt 00:01:09]} O-O-O {[%clk 01:19:12]} {[%emt 00:01:09]} 20. Rdc1 {[%clk
01:15:26]} {[%emt 00:03:50]} Rf6 {[%clk 01:16:53]} {[%emt 00:02:48]} 21. Qe2
{[%clk 01:14:00]} {[%emt 00:01:57]} Qh1# {[%clk 01:16:37]} {[%emt 00:00:44]}
0-1

[Event "DEM U10w 2025"]
[Site "Willingen GER"]
[Date "2025.06.09"]
[Round "3"]
[White "Severin, Selina Jasmin"]
[Black "Winkler, Helena"]
[Result "1-0"]
[Termination "normal"]
[Board "14"]
[WhiteElo "1148"]
[BlackElo "953"]
[WhiteClock "01:19:45"]
[BlackClock "00:57:55"]
[PlyCount "81"]
[WhiteFideId "533043647"]
[BlackFideId "533018847"]
[EventCountry "GER"]
[EventRounds "9"]
[EventType "swiss"]
[EventDate "2025.06.07"]

1. Nf3 {[%clk 01:30:58]} {[%emt 00:00:02]} d5 {[%clk 01:30:54]} {[%emt
00:00:06]} 2. d4 {[%clk 01:31:22]} {[%emt 00:00:05]} Nf6 {[%emt 00:00:13]} 3.
c4 {[%clk 01:31:47]} e6 {[%clk 01:31:36]} {[%emt 00:00:10]} 4. cxd5 {[%clk
01:32:11]} {[%emt 00:00:06]} exd5 {[%clk 01:31:59]} {[%emt 00:00:07]} 5. Nc3
{[%clk 01:32:32]} {[%emt 00:00:09]} Nc6 {[%clk 01:32:11]} {[%emt 00:00:18]} 6.
Bg5 {[%clk 01:32:38]} {[%emt 00:00:23]} Be7 {[%clk 01:32:28]} {[%emt 00:00:13]}
7. e3 {[%clk 01:32:57]} {[%emt 00:00:11]} O-O {[%clk 01:32:51]} {[%emt
00:00:07]} 8. Bd3 {[%clk 01:33:11]} {[%emt 00:00:15]} Be6 {[%clk 01:33:14]}
{[%emt 00:00:07]} 9. O-O {[%clk 01:33:01]} {[%emt 00:00:40]} Qd6 {[%clk
01:32:53]} {[%emt 00:00:51]} 10. Bf4 {[%clk 01:32:39]} {[%emt 00:00:51]} Qd8
{[%emt 00:00:25]} 11. Rc1 {[%clk 01:32:04]} {[%emt 00:01:03]} Nh5 {[%clk
01:31:45]} {[%emt 00:01:46]} 12. Bg3 {[%clk 01:32:17]} {[%emt 00:00:17]} Nxg3
{[%clk 01:31:47]} {[%emt 00:00:28]} 13. hxg3 {[%emt 00:00:43]} Bd6 {[%clk
01:30:05]} {[%emt 00:01:39]} 14. Qc2 {[%clk 01:32:22]} {[%emt 00:00:45]} g6
{[%clk 01:28:02]} {[%emt 00:02:33]} 15. a3 {[%clk 01:31:24]} {[%emt 00:01:29]}
a5 {[%clk 01:26:52]} {[%emt 00:01:40]} 16. Kh2 {[%clk 01:28:05]} {[%emt
00:03:48]} Qf6 {[%clk 01:25:22]} {[%emt 00:01:59]} 17. Rh1 {[%clk 01:27:01]}
{[%emt 00:01:35]} Bg4 {[%clk 01:24:31]} {[%emt 00:01:20]} 18. Be2 {[%clk
01:26:30]} {[%emt 00:01:02]} Rfe8 {[%clk 01:23:15]} {[%emt 00:01:46]} 19. Nxd5
{[%clk 01:26:10]} {[%emt 00:00:50]} Qe6 {[%clk 01:22:47]} {[%emt 00:00:57]} 20.
Nf4 {[%clk 01:25:30]} {[%emt 00:01:10]} Bxf4 {[%clk 01:23:00]} {[%emt
00:00:17]} 21. gxf4 {[%clk 01:25:30]} {[%emt 00:00:31]} Qd5 {[%clk 01:20:02]}
{[%emt 00:03:27]} 22. Kg1 {[%clk 01:24:09]} {[%emt 00:01:52]} Bf5 {[%clk
01:18:57]} {[%emt 00:01:35]} 23. Qc4 {[%clk 01:23:06]} {[%emt 00:01:32]} Qd8
{[%clk 01:17:10]} {[%emt 00:02:17]} 24. Ng5 {[%clk 01:20:17]} {[%emt 00:03:18]}
Be6 {[%clk 01:16:00]} {[%emt 00:01:41]} 25. Nxe6 {[%clk 01:20:41]} {[%emt
00:00:06]} Rxe6 {[%clk 01:16:11]} {[%emt 00:00:18]} 26. d5 {[%clk 01:20:59]}
{[%emt 00:00:13]} Rf6 {[%clk 01:13:58]} {[%emt 00:02:42]} 27. dxc6 {[%clk
01:21:18]} {[%emt 00:00:12]} Rxc6 {[%clk 01:14:14]} {[%emt 00:00:14]} 28. Qxc6
{[%clk 01:20:08]} {[%emt 00:01:41]} bxc6 {[%clk 01:14:35]} {[%emt 00:00:08]}
29. Rxc6 {[%clk 01:20:30]} {[%emt 00:00:08]} Rb8 {[%clk 01:14:26]} {[%emt
00:00:38]} 30. Rc2 {[%clk 01:20:37]} {[%emt 00:00:24]} Rb5 {[%clk 01:13:14]}
{[%emt 00:01:40]} 31. Bxb5 {[%clk 01:21:00]} {[%emt 00:00:08]} Qd1+ {[%clk
01:13:32]} {[%emt 00:00:12]} 32. Kh2 {[%clk 01:20:24]} {[%emt 00:00:11]} Qxc2
{[%clk 01:13:18]} {[%emt 00:01:39]} 33. b4 {[%clk 01:19:46]} {[%emt 00:01:09]}
Qxf2 {[%clk 01:13:30]} {[%emt 00:00:17]} 34. bxa5 {[%clk 01:19:43]} {[%emt
00:00:34]} Qxe3 {[%clk 01:13:43]} {[%emt 00:00:15]} 35. Rf1 {[%clk 01:19:44]}
{[%emt 00:00:27]} Qxa3 {[%clk 01:13:50]} {[%emt 00:00:26]} 36. a6 {[%clk
01:19:17]} {[%emt 00:00:58]} Kf8 {[%clk 01:13:40]} {[%emt 00:00:40]} 37. Rd1
{[%clk 01:19:21]} {[%emt 00:00:26]} Qb3 {[%clk 01:13:51]} {[%emt 00:00:19]} 38.
Rd8+ {[%clk 01:19:41]} {[%emt 00:00:11]} Ke7 {[%clk 01:14:00]} {[%emt
00:00:20]} 39. Rb8 {[%clk 01:19:48]} {[%emt 00:00:23]} c6 {[%clk 01:12:35]}
{[%emt 00:01:55]} 40. a7 {[%clk 01:19:38]} {[%emt 00:00:40]} cxb5 {[%clk
00:57:55]} {[%emt 00:15:10]} 41. a8=Q {[%clk 01:19:45]} {[%emt 00:00:13]} 1-0

[Event "DEM U10w 2025"]
[Site "Willingen GER"]
[Date "2025.06.09"]
[Round "3"]
[White "Classen, Meara"]
[Black "Jodalli, Aarna"]
[Result "1-0"]
[Termination "normal"]
[Board "15"]
[WhiteElo "1459"]
[BlackElo "898"]
[WhiteClock "01:14:22"]
[BlackClock "01:11:53"]
[PlyCount "133"]
[WhiteFideId "34626956"]
[BlackFideId "533043566"]
[EventCountry "GER"]
[EventRounds "9"]
[EventType "swiss"]
[EventDate "2025.06.07"]

1. d4 {[%clk 01:30:58]} {[%emt 00:00:03]} d5 {[%clk 01:30:53]} {[%emt
00:00:07]} 2. c4 {[%clk 01:31:21]} {[%emt 00:00:07]} dxc4 {[%clk 01:30:32]}
{[%emt 00:00:51]} 3. e3 {[%clk 01:31:41]} {[%emt 00:00:09]} Be6 {[%clk
01:30:28]} {[%emt 00:00:32]} 4. Bxc4 {[%clk 01:30:41]} {[%emt 00:01:33]} Bxc4
{[%clk 01:28:03]} {[%emt 00:02:55]} 5. Qa4+ {[%clk 01:31:00]} {[%emt 00:00:10]}
Nc6 {[%clk 01:27:46]} {[%emt 00:00:46]} 6. Qxc4 {[%clk 01:31:08]} {[%emt
00:00:24]} e6 {[%clk 01:26:20]} {[%emt 00:01:56]} 7. Nf3 {[%clk 01:29:52]}
{[%emt 00:01:46]} Nf6 {[%clk 01:25:15]} {[%emt 00:01:34]} 8. Qe2 {[%clk
01:29:11]} {[%emt 00:01:09]} Bb4+ {[%clk 01:24:45]} {[%emt 00:01:01]} 9. Bd2
{[%clk 01:28:39]} {[%emt 00:01:03]} Ne4 {[%clk 01:22:10]} {[%emt 00:02:57]} 10.
Bxb4 {[%clk 01:27:09]} {[%emt 00:02:09]} Nxb4 {[%clk 01:22:28]} {[%emt
00:00:11]} 11. a3 {[%clk 01:27:21]} {[%emt 00:00:19]} Nc6 {[%clk 01:22:11]}
{[%emt 00:00:46]} 12. Nbd2 {[%clk 01:27:31]} {[%emt 00:00:19]} Nxd2 {[%clk
01:21:21]} {[%emt 00:01:22]} 13. Qxd2 {[%clk 01:27:48]} {[%emt 00:00:12]} Qe7
{[%clk 01:20:04]} {[%emt 00:01:39]} 14. O-O {[%clk 01:27:51]} {[%emt 00:00:36]}
O-O-O {[%clk 01:20:13]} {[%emt 00:00:20]} 15. Qc2 {[%clk 01:26:50]} {[%emt
00:01:31]} g5 {[%clk 01:17:12]} {[%emt 00:03:30]} 16. b4 {[%clk 01:25:37]}
{[%emt 00:01:44]} g4 {[%clk 01:15:57]} {[%emt 00:01:44]} 17. Nd2 {[%clk
01:22:46]} {[%emt 00:03:20]} a6 {[%clk 01:12:50]} {[%emt 00:03:38]} 18. Qc5
{[%clk 01:20:12]} {[%emt 00:03:04]} Qxc5 {[%clk 01:12:47]} {[%emt 00:00:33]}
19. bxc5 {[%clk 01:20:24]} {[%emt 00:00:17]} e5 {[%clk 01:12:48]} {[%emt
00:00:29]} 20. Ne4 {[%clk 01:14:36]} {[%emt 00:06:17]} exd4 {[%clk 01:12:53]}
{[%emt 00:00:26]} 21. Nf6 {[%clk 01:11:57]} {[%emt 00:03:08]} dxe3 {[%clk
01:12:42]} {[%emt 00:00:43]} 22. fxe3 {[%clk 01:12:03]} {[%emt 00:00:24]} h5
{[%clk 01:12:52]} {[%emt 00:00:19]} 23. Rf5 {[%clk 01:10:55]} {[%emt 00:01:39]}
Ne7 {[%clk 01:10:56]} {[%emt 00:02:25]} 24. Rxh5 {[%clk 01:09:49]} {[%emt
00:01:37]} Rxh5 {[%clk 01:11:14]} {[%emt 00:00:12]} 25. Nxh5 {[%clk 01:10:13]}
{[%emt 00:00:07]} Nf5 {[%clk 01:09:41]} {[%emt 00:02:03]} 26. e4 {[%clk
01:09:43]} {[%emt 00:01:00]} Ne3 {[%clk 01:09:01]} {[%emt 00:01:09]} 27. Rc1
{[%clk 01:09:04]} {[%emt 00:01:09]} Rd2 {[%clk 01:08:14]} {[%emt 00:01:10]} 28.
Nf4 {[%clk 01:08:07]} {[%emt 00:01:30]} Rd4 {[%clk 01:07:31]} {[%emt 00:01:07]}
29. Re1 {[%clk 01:06:37]} {[%emt 00:02:07]} Rxe4 {[%clk 01:07:24]} {[%emt
00:00:40]} 30. Nd5 {[%clk 01:06:45]} {[%emt 00:00:20]} f5 {[%clk 01:05:19]}
{[%emt 00:02:36]} 31. Rxe3 {[%clk 01:06:07]} {[%emt 00:01:10]} Rxe3 {[%clk
01:05:32]} {[%emt 00:00:17]} 32. Nxe3 {[%clk 01:06:29]} {[%emt 00:00:08]} Kd7
{[%clk 01:05:34]} {[%emt 00:00:27]} 33. Nxf5 {[%clk 01:06:47]} {[%emt
00:00:12]} Kc6 {[%clk 01:05:53]} {[%emt 00:00:11]} 34. h3 {[%clk 01:07:07]}
{[%emt 00:00:10]} gxh3 {[%clk 01:05:37]} {[%emt 00:00:46]} 35. gxh3 {[%clk
01:07:30]} {[%emt 00:00:07]} Kd7 {[%clk 01:05:58]} {[%emt 00:00:08]} 36. h4
{[%clk 01:07:48]} {[%emt 00:00:14]} Ke8 {[%clk 01:06:16]} {[%emt 00:00:12]} 37.
Kg2 {[%clk 01:08:10]} {[%emt 00:00:08]} b6 {[%clk 01:06:36]} {[%emt 00:00:10]}
38. cxb6 {[%clk 01:08:24]} {[%emt 00:00:16]} cxb6 {[%clk 01:06:49]} {[%emt
00:00:17]} 39. Nd4 {[%clk 01:08:06]} {[%emt 00:00:48]} b5 {[%clk 01:06:27]}
{[%emt 00:00:52]} 40. Nxb5 {[%clk 01:06:49]} {[%emt 00:01:48]} axb5 {[%clk
01:03:52]} {[%emt 00:03:04]} 41. Kf3 {[%clk 01:06:55]} {[%emt 00:00:24]} Ke7
{[%clk 01:03:58]} {[%emt 00:00:24]} 42. Ke4 {[%clk 01:06:55]} {[%emt 00:00:29]}
Ke6 {[%clk 01:04:15]} {[%emt 00:00:14]} 43. h5 {[%clk 01:06:51]} {[%emt
00:00:34]} Kf6 {[%clk 01:04:28]} {[%emt 00:00:17]} 44. Kd5 {[%clk 01:07:12]}
{[%emt 00:00:09]} Kg5 {[%clk 01:04:47]} {[%emt 00:00:12]} 45. Kc5 {[%clk
01:07:36]} {[%emt 00:00:06]} Kxh5 {[%clk 01:05:10]} {[%emt 00:00:06]} 46. Kxb5
{[%clk 01:07:59]} {[%emt 00:00:08]} Kg6 {[%clk 01:05:05]} {[%emt 00:00:35]} 47.
a4 {[%clk 01:08:23]} {[%emt 00:00:06]} Kf7 {[%clk 01:05:23]} {[%emt 00:00:12]}
48. a5 {[%clk 01:08:44]} {[%emt 00:00:10]} Kf6 {[%clk 01:05:44]} {[%emt
00:00:08]} 49. a6 {[%clk 01:09:06]} {[%emt 00:00:08]} Kf5 {[%clk 01:06:11]}
{[%emt 00:00:03]} 50. a7 {[%clk 01:09:32]} {[%emt 00:00:05]} Ke5 {[%clk
01:06:35]} {[%emt 00:00:05]} 51. a8=Q {[%clk 01:09:45]} {[%emt 00:00:17]} Kd4
{[%clk 01:06:45]} {[%emt 00:00:19]} 52. Qd8+ {[%clk 01:10:01]} {[%emt
00:00:14]} Ke5 {[%clk 01:07:04]} {[%emt 00:00:11]} 53. Qd7 {[%clk 01:10:21]}
{[%emt 00:00:10]} Ke4 {[%clk 01:07:27]} {[%emt 00:00:07]} 54. Qd6 {[%clk
01:10:44]} {[%emt 00:00:07]} Kf5 {[%clk 01:07:51]} {[%emt 00:00:05]} 55. Qe7
{[%clk 01:11:06]} {[%emt 00:00:09]} Kf4 {[%clk 01:08:14]} {[%emt 00:00:07]} 56.
Qe6 {[%clk 01:11:28]} {[%emt 00:00:07]} Kf3 {[%clk 01:08:14]} {[%emt 00:00:30]}
57. Qe5 {[%clk 01:11:51]} {[%emt 00:00:07]} Kg4 {[%clk 01:08:38]} {[%emt
00:00:06]} 58. Qf6 {[%clk 01:12:14]} {[%emt 00:00:07]} Kg3 {[%clk 01:09:02]}
{[%emt 00:00:06]} 59. Qf5 {[%clk 01:12:36]} {[%emt 00:00:08]} Kg2 {[%clk
01:09:28]} {[%emt 00:00:04]} 60. Qf4 {[%clk 01:12:55]} {[%emt 00:00:10]} Kg1
{[%clk 01:09:52]} {[%emt 00:00:07]} 61. Qf3 {[%clk 01:12:59]} {[%emt 00:01:49]}
Kh2 {[%clk 01:10:15]} {[%emt 00:00:07]} 62. Qg4 {[%clk 01:13:06]} {[%emt
00:00:24]} Kh1 {[%clk 01:10:35]} {[%emt 00:00:10]} 63. Kc4 {[%clk 01:13:27]}
{[%emt 00:00:09]} Kh2 {[%clk 01:10:59]} {[%emt 00:00:06]} 64. Kd3 {[%clk
01:13:47]} {[%emt 00:00:11]} Kh1 {[%clk 01:11:05]} {[%emt 00:00:24]} 65. Ke3
{[%clk 01:14:12]} {[%emt 00:00:06]} Kh2 {[%clk 01:11:27]} {[%emt 00:00:08]} 66.
Kf2 {[%clk 01:14:32]} {[%emt 00:00:10]} Kh1 {[%clk 01:11:53]} {[%emt 00:00:04]}
67. Qg2+ {[%clk 01:14:22]} {[%emt 00:00:08]} 1-0

[Event "DEM U10w 2025"]
[Site "Willingen GER"]
[Date "2025.06.09"]
[Round "3"]
[White "Reichel, Anneke"]
[Black "Dimkova, Anna"]
[Result "0-1"]
[Termination "normal"]
[Board "16"]
[WhiteElo "890"]
[BlackElo "1037"]
[WhiteClock "01:32:11"]
[BlackClock "01:27:00"]
[PlyCount "58"]
[WhiteFideId "533043612"]
[BlackFideId "533043531"]
[EventCountry "GER"]
[EventRounds "9"]
[EventType "swiss"]
[EventDate "2025.06.07"]

1. e4 {[%clk 01:30:59]} e5 {[%clk 01:30:52]} {[%emt 00:00:08]} 2. Nf3 {[%clk
01:31:24]} {[%emt 00:00:05]} Nc6 {[%clk 01:31:12]} {[%emt 00:00:09]} 3. d4
{[%clk 01:31:44]} {[%emt 00:00:10]} exd4 {[%clk 01:31:13]} {[%emt 00:00:27]} 4.
Nxd4 {[%clk 01:32:10]} {[%emt 00:00:05]} Nf6 {[%emt 00:00:15]} 5. Nc3 {[%clk
01:32:32]} {[%emt 00:00:04]} Bb4 {[%clk 01:31:52]} {[%emt 00:00:11]} 6. Nxc6
{[%clk 01:32:51]} {[%emt 00:00:11]} bxc6 {[%clk 01:32:11]} {[%emt 00:00:09]} 7.
f3 {[%clk 01:33:12]} {[%emt 00:00:12]} O-O {[%clk 01:32:11]} {[%emt 00:00:29]}
8. Bc4 {[%clk 01:32:55]} {[%emt 00:00:08]} d5 {[%clk 01:31:55]} {[%emt
00:01:25]} 9. exd5 {[%clk 01:33:18]} {[%emt 00:00:07]} cxd5 {[%clk 01:31:54]}
{[%emt 00:00:30]} 10. Be2 {[%clk 01:33:40]} {[%emt 00:00:04]} d4 {[%clk
01:30:41]} {[%emt 00:01:49]} 11. Bd2 {[%clk 01:34:07]} {[%emt 00:00:03]} dxc3
{[%clk 01:30:20]} {[%emt 00:00:50]} 12. bxc3 {[%clk 01:34:30]} {[%emt
00:00:08]} Bc5 {[%clk 01:29:34]} {[%emt 00:01:17]} 13. Rb1 {[%clk 01:34:45]}
{[%emt 00:00:12]} Re8 {[%clk 01:29:28]} {[%emt 00:00:37]} 14. Rb5 {[%clk
01:34:42]} {[%emt 00:00:29]} Bb6 {[%clk 01:29:20]} {[%emt 00:00:44]} 15. Rg5
{[%clk 01:33:23]} {[%emt 00:01:48]} Ba6 {[%clk 01:28:44]} {[%emt 00:01:06]} 16.
Qc1 {[%clk 01:32:08]} {[%emt 00:01:45]} Rxe2+ {[%clk 01:28:25]} {[%emt
00:00:47]} 17. Kd1 {[%clk 01:32:15]} {[%emt 00:00:25]} Be3 {[%clk 01:27:58]}
{[%emt 00:00:58]} 18. Re5 {[%clk 01:31:17]} {[%emt 00:01:26]} Rxd2+ {[%clk
01:27:47]} {[%emt 00:00:41]} 19. Ke1 {[%clk 01:31:04]} {[%emt 00:00:44]} Re2+
{[%clk 01:27:35]} {[%emt 00:00:42]} 20. Kf1 {[%clk 01:31:18]} {[%emt 00:00:16]}
Bxc1 {[%clk 01:26:52]} {[%emt 00:01:13]} 21. Rxe2 {[%emt 00:00:08]} Qd1+ {[%emt
00:00:21]} 22. Kf2 {[%clk 01:30:55]} {[%emt 00:00:24]} Qxe2+ {[%clk 01:26:58]}
{[%emt 00:00:23]} 23. Kg3 {[%clk 01:31:21]} {[%emt 00:00:05]} Re8 {[%clk
01:24:59]} {[%emt 00:02:29]} 24. Rxc1 {[%clk 01:31:28]} {[%emt 00:00:23]} Qe5+
{[%clk 01:24:55]} {[%emt 00:00:34]} 25. Kh3 {[%clk 01:31:46]} {[%emt 00:00:11]}
Bc8+ {[%clk 01:24:45]} {[%emt 00:00:42]} 26. g4 {[%clk 01:31:48]} {[%emt
00:00:27]} Qh5+ {[%clk 01:24:54]} {[%emt 00:00:21]} 27. Kg2 {[%clk 01:31:56]}
{[%emt 00:01:14]} Re2+ {[%clk 01:26:58]} {[%emt 00:00:26]} 28. Kf1 {[%clk
01:32:22]} {[%emt 00:00:03]} Qxh2 {[%clk 01:26:45]} {[%emt 00:00:42]} 29. Rd1
{[%clk 01:32:11]} {[%emt 00:00:42]} Qf2# {[%clk 01:27:00]} {[%emt 00:00:15]}
0-1